[Event "4NCL Division 3s"]
[Site "Daventry Court ENG"]
[Date "2015.01.10"]
[Round "3.179"]
[White "Willow, Jonah B"]
[Black "Weaver, Lauren"]
[Result "1-0"]
[WhiteElo "1829"]
[BlackElo "1533"]
[PlyCount "117"]
[EventDate "2015.01.10"]
[WhiteTeam "e2e4.org.uk 3"]
[BlackTeam "BCM Hippos [3]"]

1. e4 d5 2. exd5 Qxd5 3. Nc3 Qd6 4. Nf3 Nf6 5. d4 c6 6. Be2 Bg4 7. O-O e6 8. h3
Bh5 9. Bg5 Be7 10. Qd2 O-O 11. Rad1 Qc7 12. Bf4 Bd6 13. Bxd6 Qxd6 14. Qg5 Bg6
15. Bd3 Bxd3 16. Rxd3 Nbd7 17. g4 Nb6 18. Qh4 Nfd5 19. Ne4 Qe7 20. Qg3 Qc7 21.
Qxc7 Nxc7 22. Nc5 Nbd5 23. Nxb7 Nf4 24. Rb3 Nxh3+ 25. Kh2 Nf4 26. Ne5 Ncd5 27.
Nxc6 Rac8 28. Nba5 Rfe8 29. c4 Nf6 30. Rb7 Kf8 31. Rxa7 Nd3 32. b4 Nxg4+ 33.
Kg3 Nf6 34. Kf3 Nb2 35. Rc1 Nd3 36. Rb1 e5 37. dxe5 Nxe5+ 38. Nxe5 Rxe5 39. b5
Rf5+ 40. Kg2 Rg5+ 41. Kf1 Rh5 42. Rb3 Ne4 43. Re3 Nd2+ 44. Ke2 Nxc4 45. Nxc4
Rxb5 46. Nd6 Rb2+ 47. Kf3 Rd8 48. Nxf7 Rdd2 49. a4 Rxf2+ 50. Kg4 Rg2+ 51. Rg3
h5+ 52. Kh4 Rb4+ 53. Kh3 Rxg3+ 54. Kxg3 h4+ 55. Kh3 Kg8 56. Ng5 Kf8 57. Ne6+
Kg8 58. Rxg7+ Kh8 59. Rg4 1-0

[Event "4NCL Division 3s"]
[Site "Daventry Court ENG"]
[Date "2015.01.10"]
[Round "3.180"]
[White "Green, George"]
[Black "Hewitt, Sean D"]
[Result "0-1"]
[WhiteElo "1525"]
[BlackElo "1859"]
[PlyCount "74"]
[EventDate "2015.01.10"]
[WhiteTeam "BCM Hippos [3]"]
[BlackTeam "e2e4.org.uk 3"]

1. Nf3 g6 2. c4 Bg7 3. Nc3 c5 4. g3 b6 5. Bg2 Bb7 6. O-O e6 7. d4 cxd4 8. Nxd4
Bxg2 9. Kxg2 Ne7 10. e4 O-O 11. Ndb5 Nbc6 12. f4 Na5 13. Qd3 a6 14. Nd6 Nc8 15.
e5 Nxd6 16. Qxd6 Nxc4 17. Qd3 Qc7 18. b3 Na5 19. Ba3 Qb7+ 20. Kg1 Rfc8 21. Ne4
Qa7 22. Rad1 Rc7 23. Bd6 Rb7 24. g4 Nc6 25. Qh3 h6 26. f5 Nxe5 27. f6 b5+ 28.
Bc5 Qb8 29. fxg7 Kxg7 30. Bd6 Qa7+ 31. Kh1 Nc6 32. Qg3 f5 33. gxf5 exf5 34.
Qc3+ Kg8 35. Qf6 Qe3 36. Qxg6+ Kh8 37. Qxh6+ Qxh6 0-1

[Event "4NCL Division 3s"]
[Site "Daventry Court ENG"]
[Date "2015.01.10"]
[Round "3.186"]
[White "Walker, Andrew"]
[Black "Cooper, David"]
[Result "1/2-1/2"]
[WhiteElo "2091"]
[BlackElo "2057"]
[PlyCount "40"]
[EventDate "2015.01.10"]
[WhiteTeam "Ashfield-Breadsall"]
[BlackTeam "Warwickshire Select 2"]

1. e4 e6 2. d4 d5 3. Nc3 Nf6 4. exd5 exd5 5. Nf3 c6 6. Bd3 Bd6 7. O-O O-O 8.
Re1 Re8 9. Bg5 Be6 10. Qd2 Nbd7 11. Ne5 Qb6 12. Nxd7 Nxd7 13. Ne2 f6 14. Bf4
Qc7 15. Bxd6 Qxd6 16. Qf4 Qxf4 17. Nxf4 Bf7 18. Kf1 Nf8 19. Rxe8 Rxe8 20. Re1
g5 1/2-1/2

[Event "4NCL Division 3s"]
[Site "Daventry Court ENG"]
[Date "2015.01.10"]
[Round "3.187"]
[White "Paterson, Andrew"]
[Black "Mercs, Peter"]
[Result "1-0"]
[WhiteElo "1974"]
[BlackElo "2082"]
[PlyCount "63"]
[EventDate "2015.01.10"]
[WhiteTeam "Warwickshire Select 2"]
[BlackTeam "Ashfield-Breadsall"]

1. e4 c5 2. Nf3 d6 3. d4 cxd4 4. Nxd4 Nf6 5. Nc3 Nc6 6. Bc4 Qb6 7. Nxc6 bxc6 8.
O-O e6 9. Qe1 Be7 10. e5 dxe5 11. Qxe5 O-O 12. b3 Bb7 13. Bb2 c5 14. Rad1 Bc6
15. Rd3 Qb8 16. Qg5 h6 17. Qh4 Nd5 18. Qg4 f5 19. Nxd5 fxg4 20. Nxe7+ Kh7 21.
Nxc6 Qe8 22. Ne5 h5 23. Rd6 Rf6 24. Nd7 Rh6 25. Nxc5 Rc8 26. Ne4 Qe7 27. Bc1
Rxc4 28. bxc4 Rg6 29. Rfd1 g3 30. hxg3 Rg4 31. Rd7 Qe8 32. Nf6+ 1-0

[Event "4NCL Division 3s"]
[Site "Daventry Court ENG"]
[Date "2015.01.10"]
[Round "3.188"]
[White "Burke, Steve"]
[Black "Fallowfield, Jeremy"]
[Result "0-1"]
[WhiteElo "1961"]
[BlackElo "2047"]
[PlyCount "76"]
[EventDate "2015.01.10"]
[WhiteTeam "Ashfield-Breadsall"]
[BlackTeam "Warwickshire Select 2"]

1. e4 g6 2. Nc3 Bg7 3. f4 c5 4. Nf3 Nc6 5. Bb5 Nd4 6. O-O Nxb5 7. Nxb5 d5 8. e5
a6 9. Nc3 d4 10. Ne4 Qd5 11. d3 Nh6 12. c4 dxc3 13. Nxc3 Qd8 14. Na4 b6 15. d4
cxd4 16. Qxd4 Qxd4+ 17. Nxd4 Rb8 18. h3 Nf5 19. Nxf5 Bxf5 20. Be3 f6 21. Bd4
fxe5 22. fxe5 b5 23. Nc5 Rd8 24. Rad1 Bh6 25. Nxa6 Rxd4 26. Nc7+ Kd7 27. Rxd4+
Kxc7 28. Rf3 Bg7 29. Re3 Ra8 30. Rb4 Kb6 31. g4 Bd7 32. a3 Rc8 33. e6 Bc6 34.
g5 Rd8 35. Kf1 Bd4 36. Rd3 Rf8+ 37. Ke1 Bc5 38. Rh4 Bf2+ 0-1

[Event "4NCL Division 3s"]
[Site "Daventry Court ENG"]
[Date "2015.01.10"]
[Round "3.190"]
[White "Jarvis, Derek"]
[Black "Hurney, Kevin"]
[Result "1/2-1/2"]
[WhiteElo "1893"]
[BlackElo "1960"]
[PlyCount "122"]
[EventDate "2015.01.10"]
[WhiteTeam "Ashfield-Breadsall"]
[BlackTeam "Warwickshire Select 2"]

1. e4 d6 2. d4 Nf6 3. Nc3 g6 4. Be3 Bg7 5. Qd2 c6 6. O-O-O Qa5 7. f3 b5 8. a3
Nbd7 9. g4 Rb8 10. Na2 Qc7 11. Ne2 a5 12. Bh6 Bxh6 13. Qxh6 b4 14. Qe3 c5 15.
g5 Nh5 16. Ng3 bxa3 17. Qxa3 Nf4 18. Ne2 Ne6 19. d5 Ng7 20. Qe3 O-O 21. Ng3 Nb6
22. Qa3 Bd7 23. Nc3 f5 24. gxf6 Rxf6 25. Be2 Nc8 26. Rhf1 Rf4 27. Rd2 Na7 28.
Rdd1 Rb4 29. e5 Nb5 30. Bxb5 Bxb5 31. exd6 exd6 32. Nxb5 Rxb5 33. Ne4 Nf5 34.
Qc3 Qg7 35. Qf6 Qxf6 36. Nxf6+ Kf7 37. Ne4 Rb6 38. Ng5+ Kf6 39. Nxh7+ Kg7 40.
Ng5 Rfb4 41. Ne6+ Kf6 42. Rde1 Rxb2 43. Kd2 R6b4 44. Ra1 a4 45. Ra3 Nd4 46.
Nxd4 Rxd4+ 47. Rd3 Ke5 48. Rxd4 Kxd4 49. Ra1 Kxd5 50. Rxa4 Ke5 51. Rg4 Kf5 52.
h4 Rb1 53. Rg3 Kf6 54. c4 Rh1 55. Rg4 Kf5 56. Ke3 Rd1 57. Rg5+ Kf6 58. Rg4 Re1+
59. Kd3 Re5 60. Rf4+ Ke6 61. Rg4 Kf6 1/2-1/2

[Event "4NCL Division 3s"]
[Site "Daventry Court ENG"]
[Date "2015.01.10"]
[Round "3.195"]
[White "Adams, Mark"]
[Black "Hassall, Mark"]
[Result "1/2-1/2"]
[WhiteElo "1990"]
[BlackElo "1936"]
[PlyCount "75"]
[EventDate "2015.01.10"]
[WhiteTeam "The Full Ponty"]
[BlackTeam "West is Best 2"]

1. e4 c5 2. Nf3 e6 3. d4 cxd4 4. Nxd4 a6 5. Nc3 Qc7 6. Bd3 Nf6 7. O-O d6 8. a4
Be7 9. Be3 O-O 10. f4 Nc6 11. Kh1 Bd7 12. Nb3 Nb4 13. Be2 Bc6 14. Bf3 d5 15. e5
Ne4 16. Nd4 Rac8 17. f5 Qxe5 18. Bxe4 dxe4 19. Bf4 Qa5 20. Qg4 Bf6 21. Nxc6
Rxc6 22. Nxe4 exf5 23. Nxf6+ Rxf6 24. Qe2 Nc6 25. Bd2 Qd5 26. Bc3 Rg6 27. Rae1
h5 28. Rf3 h4 29. Rd3 Qc4 30. b3 Qg4 31. Qf3 Re6 32. Qf2 Rfe8 33. h3 Rxe1+ 34.
Bxe1 Qe4 35. Bd2 Qe2 36. Qxf5 Qd1+ 37. Kh2 Qxc2 38. Rf3 1/2-1/2

[Event "4NCL Division 3s"]
[Site "Daventry Court ENG"]
[Date "2015.01.10"]
[Round "3.196"]
[White "Woolcock, Craig"]
[Black "Fletcher, John"]
[Result "1/2-1/2"]
[WhiteElo "1904"]
[BlackElo "2049"]
[PlyCount "109"]
[EventDate "2015.01.10"]
[WhiteTeam "West is Best 2"]
[BlackTeam "The Full Ponty"]

1. e4 c5 2. Nc3 Nc6 3. g3 g6 4. Bg2 Bg7 5. d3 e6 6. f4 Nge7 7. Nf3 O-O 8. O-O
d6 9. Be3 Rb8 10. a3 b5 11. Qd2 a5 12. Rab1 b4 13. axb4 axb4 14. Ne2 Qb6 15.
Rfd1 Ba6 16. Qe1 e5 17. fxe5 Nxe5 18. Nxe5 Bxe5 19. Kh1 Bg7 20. g4 Bb7 21. Qh4
f6 22. c4 Rbe8 23. Rf1 d5 24. cxd5 Nxd5 25. Bg1 Nc7 26. Rbc1 Ne6 27. Qe1 Qd6
28. Qg3 Qxg3 29. hxg3 Rc8 30. Nf4 Nd4 31. Bxd4 cxd4 32. Ne6 Rfe8 33. Nxd4 f5
34. Nb5 Red8 35. Rxc8 Bxc8 36. gxf5 Bxb2 37. fxg6 hxg6 38. Rd1 Bd7 39. Nc7 Ba4
40. Rb1 Ba3 41. Nd5 Bc2 42. Rxb4 Bxb4 43. Nxb4 Bxd3 44. Nxd3 Rxd3 45. Kh2 Kf7
46. Kh3 Kf6 47. Kg4 Ke5 48. Bf3 Rd6 49. Bg2 Kd4 50. Kg5 Re6 51. Bh3 Rb6 52. Bd7
Kxe4 53. Be8 Kf3 54. g4 Kg3 55. Bxg6 1/2-1/2

[Event "4NCL Division 3s"]
[Site "Daventry Court ENG"]
[Date "2015.01.10"]
[Round "3.197"]
[White "Waterfield, John"]
[Black "Davies, Matthew"]
[Result "1/2-1/2"]
[WhiteElo "1962"]
[BlackElo "1926"]
[PlyCount "41"]
[EventDate "2015.01.10"]
[WhiteTeam "The Full Ponty"]
[BlackTeam "West is Best 2"]

1. e4 e5 2. Nf3 Nc6 3. c3 Nf6 4. d4 exd4 5. e5 Nd5 6. Bc4 Nb6 7. Bb3 Be7 8.
cxd4 d5 9. exd6 Qxd6 10. Nc3 Bg4 11. h3 Bh5 12. O-O O-O 13. Nb5 Qd7 14. Bf4 Qf5
15. d5 Qxf4 16. dxc6 bxc6 17. Qd4 Qf5 18. Nxc7 Bxf3 19. gxf3 Rac8 20. Na6 Na4
21. Qe4 1/2-1/2

[Event "4NCL Division 3s"]
[Site "Daventry Court ENG"]
[Date "2015.01.10"]
[Round "3.198"]
[White "Dydak, Mat"]
[Black "Davies, Peter"]
[Result "1-0"]
[WhiteElo "1854"]
[BlackElo "1975"]
[PlyCount "63"]
[EventDate "2015.01.10"]
[WhiteTeam "West is Best 2"]
[BlackTeam "The Full Ponty"]

1. f4 d5 2. Nf3 Nf6 3. g3 g6 4. Bg2 Bg7 5. O-O O-O 6. d3 c5 7. Qe1 Nc6 8. c3
Qc7 9. Na3 a6 10. Qf2 b6 11. h3 h5 12. Ng5 e6 13. e4 Ne7 14. e5 Nh7 15. Nxh7
Kxh7 16. g4 hxg4 17. Qh4+ Kg8 18. hxg4 Bb7 19. d4 cxd4 20. cxd4 Rac8 21. Be3 b5
22. Rf2 b4 23. Nc2 a5 24. Bf1 Rfe8 25. Bd3 Kf8 26. Raf1 Bc6 27. f5 exf5 28. Bh6
Bd7 29. Ne3 Kg8 30. Rh2 Bxe5 31. Bf4 Kf8 32. Bxe5 1-0

[Event "4NCL Division 3s"]
[Site "Daventry Court ENG"]
[Date "2015.01.10"]
[Round "3.205"]
[White "Borrowdale, Graham E"]
[Black "Pink, Joshua"]
[Result "1-0"]
[WhiteElo "1978"]
[BlackElo "1825"]
[PlyCount "93"]
[EventDate "2015.01.10"]
[WhiteTeam "Surbiton 2"]
[BlackTeam "Throw in the Tal"]

1. d4 d6 2. Nf3 Bg4 3. e4 Nc6 4. Be3 Nf6 5. Nc3 e6 6. Be2 d5 7. e5 Nd7 8. h3
Bh5 9. O-O f6 10. exf6 Nxf6 11. Qd2 Bb4 12. Bg5 O-O 13. Qe3 Qe8 14. Bf4 Bd6 15.
Ne5 Bxe2 16. Nxe2 Ne4 17. f3 Nxe5 18. Bxe5 Nf6 19. Nf4 Rd8 20. Rae1 Rf7 21. c3
Re7 22. Re2 Nh5 23. Nxh5 Qxh5 24. f4 Bxe5 25. Qxe5 Qxe5 26. Rxe5 g6 27. Rfe1
Kf7 28. g4 Rd6 29. Kg2 b6 30. Kg3 c5 31. Kh4 cxd4 32. cxd4 Rc6 33. f5 gxf5 34.
gxf5 Kf6 35. Rxe6+ Rcxe6 36. Rxe6+ Rxe6 37. fxe6 Kxe6 38. Kg5 b5 39. b4 h6+ 40.
Kg6 h5 41. h4 Ke7 42. Kf5 Kd6 43. Kf6 Kd7 44. Ke5 Kc6 45. Ke6 a5 46. a3 axb4
47. axb4 1-0

[Event "4NCL Division 3s"]
[Site "Daventry Court ENG"]
[Date "2015.01.10"]
[Round "3.206"]
[White "Ireland, David J"]
[Black "James, Angus S"]
[Result "1/2-1/2"]
[WhiteElo "1905"]
[BlackElo "1958"]
[PlyCount "95"]
[EventDate "2015.01.10"]
[WhiteTeam "Throw in the Tal"]
[BlackTeam "Surbiton 2"]

1. e4 c5 2. Nc3 a6 3. g3 b5 4. Bg2 Bb7 5. Nge2 e6 6. O-O b4 7. Na4 d5 8. exd5
Bxd5 9. Bxd5 exd5 10. Nf4 Be7 11. Re1 Nf6 12. Nxc5 O-O 13. Nb3 Nc6 14. d4 a5
15. c3 bxc3 16. bxc3 a4 17. Nc5 Qa5 18. Be3 Qxc3 19. Nxa4 Qb4 20. Nc5 Bxc5 21.
Nd3 Qc4 22. Nxc5 Rxa2 23. Rc1 Qb5 24. Qb3 Qxb3 25. Nxb3 Nb4 26. Rc7 h6 27. Nc5
Nc2 28. Re2 Ra1+ 29. Kg2 Ne1+ 30. Kh3 g5 31. g4 Nf3 32. Kg3 Nh4 33. f4 Ra3 34.
fxg5 hxg5 35. h3 Re8 36. Kf2 Nh7 37. Nd7 Ng2 38. Kxg2 Rexe3 39. Rxe3 Rxe3 40.
Ne5 f6 41. Nc6 Rd3 42. Ne7+ Kh8 43. Nf5 Nf8 44. Rc8 Kg8 45. Ne7+ Kh8 46. Nxd5
Kg8 47. Rc4 Rxd4 48. Rxd4 1/2-1/2

[Event "4NCL Division 3s"]
[Site "Daventry Court ENG"]
[Date "2015.01.10"]
[Round "3.207"]
[White "Alcock, Graham P"]
[Black "Goodwin, Ed H"]
[Result "0-1"]
[WhiteElo "1705"]
[BlackElo "1806"]
[PlyCount "46"]
[EventDate "2015.01.10"]
[WhiteTeam "Surbiton 2"]
[BlackTeam "Throw in the Tal"]

1. e4 e6 2. d4 d5 3. Bd3 dxe4 4. Bxe4 Nf6 5. Bf3 c5 6. Ne2 Nc6 7. Bxc6+ bxc6 8.
O-O Ba6 9. Re1 Bxe2 10. Qxe2 cxd4 11. Rd1 Qb6 12. Rd3 Be7 13. Nd2 Rd8 14. Nf3
O-O 15. b3 c5 16. Bb2 Nd5 17. Qe1 Nf4 18. Rd2 Qb7 19. Qd1 e5 20. g3 Nh3+ 21.
Kg2 Ng5 22. h4 Nxf3 23. Qxf3 e4 0-1

[Event "4NCL Division 3s"]
[Site "Daventry Court ENG"]
[Date "2015.01.10"]
[Round "3.210"]
[White "Woolgar, Steve"]
[Black "Moss, Stephen"]
[Result "1/2-1/2"]
[WhiteElo "1864"]
[BlackElo "1739"]
[PlyCount "88"]
[EventDate "2015.01.10"]
[WhiteTeam "Throw in the Tal"]
[BlackTeam "Surbiton 2"]

1. c4 e6 2. Nc3 Nf6 3. g3 d5 4. cxd5 Nxd5 5. Bg2 c6 6. a3 Be7 7. Nf3 O-O 8. O-O
Qc7 9. e4 Nxc3 10. dxc3 e5 11. Qc2 Be6 12. Be3 Na6 13. b4 f6 14. Kh1 Rad8 15.
Rad1 c5 16. b5 Nb8 17. c4 Nd7 18. Nd2 Nb6 19. f4 exf4 20. Bxf4 Bd6 21. Rf3 Bg4
22. Be3 Be5 23. Rdf1 Bxf3 24. Nxf3 Bd4 25. Bxd4 cxd4 26. c5 Nc8 27. Qc4+ Kh8
28. Nxd4 Qf7 29. Qb4 Qd7 30. Nf5 g6 31. Ne3 Qd4 32. Nd5 Qxb4 33. axb4 Kg7 34.
Rc1 Rf7 35. c6 bxc6 36. bxc6 Nb6 37. b5 Nxd5 38. exd5 Rc7 39. Rd1 Rd6 40. Kg1
f5 41. Kf2 Kf6 42. Ke3 Ke5 43. Rd4 Rd8 44. Kd3 Rd6 1/2-1/2

[Event "4NCL Division 3s"]
[Site "Daventry Court ENG"]
[Date "2015.01.10"]
[Round "3.215"]
[White "Jones, Steven A"]
[Black "Homolka, Vincent O"]
[Result "1-0"]
[WhiteElo "2079"]
[BlackElo "1797"]
[PlyCount "115"]
[EventDate "2015.01.10"]
[WhiteTeam "Surbiton 1"]
[BlackTeam "e2e4.org.uk 5"]

1. e4 d5 2. exd5 Qxd5 3. Nc3 Qa5 4. d4 Nf6 5. Bc4 Bg4 6. f3 Bf5 7. Nge2 e6 8.
g4 Bg6 9. h4 h6 10. Nf4 Bh7 11. Qe2 Bb4 12. Bd2 c6 13. a3 Nbd7 14. O-O-O Bxc3
15. Bxc3 Qc7 16. Bd2 O-O-O 17. g5 Nd5 18. Bxd5 cxd5 19. g6 Bxg6 20. Nxg6 fxg6
21. Qxe6 Qc6 22. Qxc6+ bxc6 23. Rdg1 Nf8 24. Bb4 Rd7 25. Re1 Nh7 26. Re6 Kc7
27. Rxg6 Nf8 28. Rg2 Ne6 29. c3 Rf7 30. Rg6 Nf4 31. Bd6+ Kb6 32. Bxf4 Rxf4 33.
Rh3 Rg8 34. Rg4 Rxg4 35. fxg4 Rf8 36. Rg3 Rf1+ 37. Kc2 Rf2+ 38. Kb3 Rh2 39. h5
a5 40. a4 Ka6 41. Rf3 Rg2 42. Rf4 Kb6 43. Ka3 Rg3 44. b3 Ka6 45. Kb2 Rg2+ 46.
Kc1 Rg3 47. Kd2 Rg2+ 48. Ke1 Rg3 49. c4 Rxb3 50. cxd5 cxd5 51. Rf7 Rb7 52. Rxb7
Kxb7 53. Kf2 Kc6 54. Kf3 Kd6 55. Kf4 Ke6 56. g5 Ke7 57. gxh6 gxh6 58. Ke5 1-0

[Event "4NCL Division 3s"]
[Site "Daventry Court ENG"]
[Date "2015.01.10"]
[Round "3.216"]
[White "Homer, Neil S"]
[Black "Shepherd, Paul D"]
[Result "1-0"]
[WhiteElo "1716"]
[BlackElo "2070"]
[PlyCount "58"]
[EventDate "2015.01.10"]
[WhiteTeam "e2e4.org.uk 5"]
[BlackTeam "Surbiton 1"]

1. Nf3 d5 2. d4 Nf6 3. c4 e6 4. Nc3 c5 5. cxd5 exd5 6. Bg5 Be7 7. dxc5 Be6 8.
e3 O-O 9. Be2 Qa5 10. O-O Qxc5 11. Rc1 Qa5 12. Nd4 Nc6 13. Nb3 Qd8 14. Bf3 Rc8
15. Ne2 Ne5 16. Ned4 Nxf3+ 17. Nxf3 Qb6 18. Bxf6 Bxf6 19. Nfd4 Rxc1 20. Qxc1
Rc8 21. Qd2 a6 22. Rc1 Rc4 23. Nxe6 Qxe6 24. Rxc4 dxc4 25. Nd4 Qd5 26. Kf1 g6
27. h3 Kg7 28. Kg1 b5 29. g4 h6 1-0

[Event "4NCL Division 3s"]
[Site "Daventry Court ENG"]
[Date "2015.01.10"]
[Round "3.217"]
[White "Henderson, Ian R"]
[Black "Milson, Amy F"]
[Result "1-0"]
[WhiteElo "2056"]
[BlackElo "1674"]
[PlyCount "58"]
[EventDate "2015.01.10"]
[WhiteTeam "Surbiton 1"]
[BlackTeam "e2e4.org.uk 5"]

1. d4 Nf6 2. c4 e6 3. Nc3 Bb4 4. a3 Bxc3+ 5. bxc3 b6 6. f3 Bb7 7. e4 d6 8. Bd3
Qe7 9. Ne2 Nbd7 10. O-O O-O 11. Ng3 e5 12. Ra2 Qe6 13. f4 exf4 14. Bxf4 Nxe4
15. d5 Bxd5 16. cxd5 Qxd5 17. Bxe4 Qxa2 18. Bxa8 Rxa8 19. Qf3 Rd8 20. Qc6 Qxa3
21. Ne4 Ne5 22. Qxc7 Rf8 23. Nxd6 Nd3 24. Be3 Ne5 25. Nb5 Qb3 26. Qxe5 f6 27.
Qf5 g6 28. Qd7 a6 29. Nd6 Qxc3 1-0

[Event "4NCL Division 3s"]
[Site "Daventry Court ENG"]
[Date "2015.01.10"]
[Round "3.218"]
[White "Manger, John D"]
[Black "Crombleholme, Alan K"]
[Result "0-1"]
[WhiteElo "1749"]
[BlackElo "2105"]
[PlyCount "128"]
[EventDate "2015.01.10"]
[WhiteTeam "e2e4.org.uk 5"]
[BlackTeam "Surbiton 1"]

1. e4 e6 2. d4 d5 3. exd5 exd5 4. Nf3 Bd6 5. h3 Bf5 6. c4 Qe7+ 7. Be3 dxc4 8.
Bxc4 Nd7 9. O-O Ngf6 10. Nc3 Nb6 11. Bb3 O-O 12. Bc2 Bxc2 13. Qxc2 Nfd5 14. Bg5
f6 15. Rfe1 Qf7 16. Nxd5 Qxd5 17. Be3 Rfe8 18. b3 Re7 19. Rad1 Rae8 20. Bc1
Rxe1+ 21. Nxe1 Qxd4 22. Nf3 Qe4 23. Qxe4 Rxe4 24. Be3 Kf7 25. Kf1 g6 26. Rd3
Re8 27. Rd2 Bb4 28. Rd3 Re7 29. g4 Ke8 30. Bc1 Nd7 31. Bb2 Bd6 32. Nd2 Be5 33.
Ba3 Re6 34. Nc4 Ra6 35. Re3 Kd8 36. Rd3 b5 37. Nxe5 fxe5 38. Bb2 Ke7 39. a3 Rd6
40. Re3 Rd5 41. Ke2 Kd6 42. b4 Nb6 43. Rf3 Ke7 44. Bc1 Nd7 45. Rc3 c5 46. bxc5
Rxc5 47. Bd2 Rxc3 48. Bxc3 Ke6 49. Bd2 Kd5 50. Ke3 Nb6 51. Kd3 Nc4 52. Bb4 e4+
53. Kc3 a5 54. Bf8 Ne5 55. Be7 h5 56. gxh5 gxh5 57. Kd2 Nf3+ 58. Ke3 Nd4 59.
Kf4 Nf3 60. Bd8 b4 61. Bxa5 bxa3 62. Bc3 Kc4 63. Bf6 Kd3 64. Kg3 Nd4 0-1

[Event "4NCL Division 3s"]
[Site "Daventry Court ENG"]
[Date "2015.01.10"]
[Round "3.219"]
[White "Faulks, Nick W"]
[Black "Snook-Lumb, Chris"]
[Result "1-0"]
[WhiteElo "2075"]
[BlackElo "1700"]
[PlyCount "157"]
[EventDate "2015.01.10"]
[WhiteTeam "Surbiton 1"]
[BlackTeam "e2e4.org.uk 5"]

1. e4 c5 2. Nf3 d6 3. d4 cxd4 4. Nxd4 Nf6 5. f3 a6 6. c4 Bd7 7. Nc3 g6 8. Be3
Nc6 9. Be2 Bg7 10. Qd2 Rc8 11. Rc1 O-O 12. O-O Na5 13. b3 e5 14. Nc2 Ne8 15.
Nd5 Nc6 16. Bb6 Qh4 17. g3 Qh5 18. Ncb4 Kh8 19. Be3 Nd4 20. Bxd4 exd4 21. Nb6
d3 22. Nxd7 dxe2 23. Rf2 Rg8 24. Nd5 Qh3 25. N7b6 Rd8 26. Nf4 Qh6 27. Rxe2 g5
28. Nfd5 Qe6 29. Kg2 g4 30. f4 h5 31. f5 Qh6 32. Rd1 Qxd2 33. Rexd2 Be5 34. Rf1
Kh7 35. Nf4 Nf6 36. Re2 Kh6 37. Nbd5 Nxd5 38. Nxd5 f6 39. Nc7 Rd7 40. Ne6 h4
41. gxh4 Kh5 42. Nf4+ Kxh4 43. Ng6+ Kg5 44. Rd2 Rh7 45. Kg1 Rgg7 46. Nxe5 dxe5
47. Rd6 Rh3 48. Re1 Rgh7 49. Re2 g3 50. hxg3 Rxg3+ 51. Rg2 Rxg2+ 52. Kxg2 Rh4
53. Kf3 Rh3+ 54. Ke2 Rh2+ 55. Kd3 Rxa2 56. c5 Ra5 57. Kc4 Rb5 58. b4 Kf4 59.
Rxf6 Kxe4 60. Rf8 Kf4 61. f6 Kf5 62. f7 Kf6 63. Re8 Kxf7 64. Rxe5 b6 65. Re1
bxc5 66. bxc5 Rb8 67. c6 a5 68. Kc5 Rb2 69. Kd6 a4 70. c7 Rd2+ 71. Kc6 Rc2+ 72.
Kd7 Rd2+ 73. Kc8 Rc2 74. Ra1 Ke7 75. Rxa4 Kd6 76. Ra6+ Ke7 77. Rb6 Rc1 78. Rb2
Kd6 79. Kb8 1-0

[Event "4NCL Division 3s"]
[Site "Daventry Court ENG"]
[Date "2015.01.10"]
[Round "3.220"]
[White "Lavelle, Terry"]
[Black "Kennedy, Craig"]
[Result "1/2-1/2"]
[WhiteElo "1555"]
[BlackElo "1919"]
[PlyCount "125"]
[EventDate "2015.01.10"]
[WhiteTeam "e2e4.org.uk 5"]
[BlackTeam "Surbiton 1"]

1. Nf3 e6 2. g3 f5 3. Bg2 Nf6 4. d3 d5 5. O-O c6 6. b3 Bd6 7. Bb2 Qe7 8. Nbd2
O-O 9. c4 e5 10. d4 e4 11. Ne5 Bxe5 12. dxe5 Ng4 13. cxd5 Nxe5 14. Nc4 Nxc4 15.
bxc4 cxd5 16. cxd5 Rd8 17. Qb3 Qf7 18. Rad1 Nd7 19. f3 exf3 20. Qxf3 Nf6 21.
Qb3 Ne8 22. e4 Qg6 23. e5 Qb6+ 24. Rf2 Qxb3 25. axb3 a5 26. d6 Be6 27. Bd5 Bxd5
28. Rxd5 g6 29. Rfd2 Ng7 30. Rb5 Rd7 31. Rc2 Ne6 32. Rc4 Ra6 33. Bc3 b6 34.
Rc8+ Kf7 35. Rb8 a4 36. R5xb6 Rxb6 37. Rxb6 axb3 38. Rxb3 Nc5 39. Rb5 Ne4 40.
Bd4 Ke6 41. Kg2 g5 42. Rb8 Kd5 43. Bb6 Kxe5 44. Bc7 Nxd6 45. Bxd6+ Kxd6 46. Kf3
Ke5 47. Re8+ Kf6 48. Rf8+ Kg6 49. Re8 g4+ 50. Kf2 Rd2+ 51. Kg1 Kf7 52. Re5 Kf6
53. Re8 Rd7 54. Kf2 Re7 55. Ra8 Re4 56. Rf8+ Kg6 57. Rg8+ Kf7 58. Ra8 f4 59.
gxf4 Rxf4+ 60. Kg3 Re4 61. Ra7+ Kg6 62. Ra6+ Kf5 63. Ra5+ 1/2-1/2

[Event "4NCL Division 3s"]
[Site "Daventry Court ENG"]
[Date "2015.01.10"]
[Round "3.225"]
[White "Ogunshola, Ben"]
[Black "Elwin, Adrian"]
[Result "1-0"]
[WhiteElo "2161"]
[BlackElo "2005"]
[PlyCount "82"]
[EventDate "2015.01.10"]
[WhiteTeam "The Pitstop"]
[BlackTeam "MK Phoenix 2"]

1. Nf3 Nf6 2. g3 g6 3. Bg2 Bg7 4. c4 d6 5. Nc3 c6 6. O-O O-O 7. d3 Nbd7 8. Rb1
e5 9. Bg5 h6 10. Bxf6 Nxf6 11. b4 Nh7 12. Nd2 f5 13. b5 c5 14. e3 g5 15. Nd5
Nf6 16. Rb3 Kh8 17. Ra3 f4 18. Nxf6 Qxf6 19. Qh5 g4 20. Bd5 Qe7 21. Ne4 fxe3
22. fxe3 Rxf1+ 23. Kxf1 Be6 24. Qg6 Bxd5 25. cxd5 Qf8+ 26. Nf2 Qf3 27. Qe4 Qf7
28. Qxg4 Rf8 29. Qe2 Qxd5 30. e4 Qd4 31. Kg2 Rf7 32. Rxa7 c4 33. Ra8+ Kh7 34.
dxc4 b6 35. Ra3 Rc7 36. Qf3 Bh8 37. Qf5+ Kg7 38. Qg4+ Kh7 39. Ra8 Rg7 40. Qf5+
Rg6 41. Rxh8+ Kxh8 1-0

[Event "4NCL Division 3s"]
[Site "Daventry Court ENG"]
[Date "2015.01.10"]
[Round "3.226"]
[White "Williamson, Kevin"]
[Black "Froom, Oliver"]
[Result "1/2-1/2"]
[WhiteElo "1985"]
[BlackElo "1998"]
[PlyCount "51"]
[EventDate "2015.01.10"]
[WhiteTeam "MK Phoenix 2"]
[BlackTeam "The Pitstop"]

1. d4 d5 2. Nc3 Bf5 3. f3 Nf6 4. Bg5 c6 5. Bxf6 gxf6 6. e4 Bg6 7. Bd3 dxe4 8.
fxe4 Qxd4 9. Qf3 Nd7 10. Nge2 Qb6 11. O-O-O Ne5 12. Qh3 e6 13. Nf4 O-O-O 14.
Nxg6 Nxg6 15. Bc4 Be7 16. Rhf1 Qc5 17. Bb3 Qe5 18. Rxd8+ Bxd8 19. Qe3 Kb8 20.
g3 Ba5 21. Qf3 Bxc3 22. bxc3 Qg5+ 23. Kb2 Ne5 24. Qxf6 Qxf6 25. Rxf6 Kc7 26.
Kc1 1/2-1/2

[Event "4NCL Division 3s"]
[Site "Daventry Court ENG"]
[Date "2015.01.10"]
[Round "3.227"]
[White "Sloan, Hamish"]
[Black "Valentine, Brian"]
[Result "0-1"]
[WhiteElo "1601"]
[BlackElo "1987"]
[PlyCount "102"]
[EventDate "2015.01.10"]
[WhiteTeam "The Pitstop"]
[BlackTeam "MK Phoenix 2"]

1. e4 e5 2. Nf3 Nc6 3. Bb5 a6 4. Ba4 Nf6 5. O-O b5 6. Bb3 Bc5 7. Nc3 d6 8. d3
h6 9. h3 O-O 10. a3 Be6 11. Nd5 Bxd5 12. exd5 Ne7 13. c4 Nf5 14. Bc2 Nd4 15.
Rb1 Nd7 16. Be3 f5 17. Nxd4 Bxd4 18. Bxd4 exd4 19. f4 Qh4 20. Qd2 Rfe8 21. Qf2
Qxf2+ 22. Kxf2 Re7 23. Rbe1 Rae8 24. Rxe7 Rxe7 25. Re1 Kf7 26. Rxe7+ Kxe7 27.
b4 Nb6 28. Bb3 Kf6 29. g3 g5 30. Kf3 Kg6 31. fxg5 hxg5 32. g4 Nd7 33. gxf5+
Kxf5 34. cxb5 axb5 35. Bc2 Ne5+ 36. Kg3 Ng6 37. a4 bxa4 38. Bxa4 Nf4 39. Bd7+
Kf6 40. h4 Nxd3 41. hxg5+ Kxg5 42. b5 Nc5 43. Bc6 Kf5 44. Kf3 Ke5 45. Ke2 Ke4
46. Kd2 d3 47. Be8 Kxd5 48. Kc3 Ke4 49. Kd2 Kd4 50. Bf7 Ne4+ 51. Kd1 Nc3+ 0-1

[Event "4NCL Division 3s"]
[Site "Daventry Court ENG"]
[Date "2015.01.10"]
[Round "3.235"]
[White "Hung, Dylan"]
[Black "Cooper, Lawrence H"]
[Result "0-1"]
[WhiteElo "1339"]
[BlackElo "2327"]
[PlyCount "100"]
[EventDate "2015.01.10"]
[WhiteTeam "Barnet Knights 3"]
[BlackTeam "Midland Monarchs 1"]

1. c4 b6 2. Nc3 Bb7 3. e4 e6 4. Nf3 Bb4 5. d3 Ne7 6. Bf4 O-O 7. Be2 d5 8. exd5
exd5 9. d4 dxc4 10. Bxc4 Nd5 11. Bxd5 Qxd5 12. O-O Bxc3 13. bxc3 Nd7 14. Re1 c5
15. dxc5 Nxc5 16. Qxd5 Bxd5 17. Rad1 Bxa2 18. Ra1 Be6 19. Red1 Ne4 20. Nd4 Nxc3
21. Nxe6 fxe6 22. Rd7 Rxf4 23. Raxa7 Rxa7 24. Rxa7 Ra4 25. Rxa4 Nxa4 26. Kf1
Kf7 27. Ke2 Ke7 28. Kd3 b5 29. f4 Kd6 30. Kd4 Nc5 31. g4 b4 32. Kc4 b3 33. Kc3
Kd5 34. h4 Ke4 35. f5 exf5 36. gxf5 Kxf5 37. h5 Kg5 38. h6 gxh6 39. Kd2 b2 40.
Kc2 Nd3 41. Kb1 h5 42. Kc2 h4 43. Kb1 h3 44. Kc2 h2 45. Kxd3 b1=Q+ 46. Kd4 Qb4+
47. Ke5 Qc5+ 48. Ke4 h1=Q+ 49. Kd3 Qf3+ 50. Kd2 Qcc3# 0-1